[Event "IECC CL8-2003.08 email"]
[Site "IECC email"]
[Date "2003.04.14"]
[Round "?"]
[White "Ralls, Becky"]
[Black "Crowley, Michael"]
[Result "1-0"]
[WhiteElo "1000"]
[BlackElo "925"]
[PlyCount "33"]
[EventDate "2003.??.??"]
[EventType "tourn (corr)"]
[EventRounds "4"]
[SourceTitle "Corr 2008"]
[Source "ChessBase"]
[SourceDate "2008.06.24"]
[SourceVersion "1"]
[SourceVersionDate "2008.06.24"]
[SourceQuality "1"]

1. e4 e5 2. Nf3 Nc6 3. Bc4 Nf6 4. Nc3 Ng4 5. 0-0 Nd4 6. Nxd4 Qg5 7. Nf3 Qf4 8. Nd5 Qh6 9. Nxc7+ Kd8 10. Nxa8 b6 11. h3 Qh5 12. hxg4 Qxg4 13. Nxe5 Qf4 14. d4 Qxe4 15. Nxf7+ Ke7 16. Bg5+ Ke8 17. Nc7# 1-0